|
|
|
|
| LEADER |
00000nab a2200000uu 4500 |
| 001 |
vtls011154003 |
| 003 |
SK-MaSNL |
| 005 |
20260303121434.0 |
| 008 |
230131|1962 xo |||||||||||||||||slo| |
| 015 |
|
|
|a SNBRB
|
| 035 |
|
|
|a (urnnbn)urn:nbn:sk:snk:ar-a0a7c3
|
| 035 |
|
|
|a (uuid)fc08fcdd-5cd1-4229-a254-84a9d950260b
|
| 035 |
|
|
|a urn:nbn:sk:snk-abb2uc
|
| 040 |
|
|
|a SNKBUCL
|b slo
|c SNKBUCL
|e AACR2
|
| 041 |
0 |
|
|a slo
|
| 044 |
|
|
|a xo
|c SK
|
| 100 |
1 |
|
|a Juráň, Cyprián,
|d 1927-1997
|4 aut
|9 55282
|
| 245 |
1 |
0 |
|a VPLYV ZAORANIA MAČINY LUCERNOTRAVNÉHO HONU NA PRIEBEH TVORENIA ŠTRUKTÚRY A PÔDNU VLHKOSŤ
|c Cyprián Juráň
|
| 246 |
3 |
|
|a THE INFLUENCE OF PLOUGHING IN OF A SOD OF A ALFAGRASS ON THE PROCESS OF STRUCTURE FORMATION AND THE SOIL MOISTURE
|
| 773 |
0 |
|
|t Poľnohospodárstvo : časopis pre poľnohospodárske vedy
|g Roč. 9, č. 4 (1962), s. 273-283
|
| 954 |
|
|
|a odborná, vedecká literatúra pôvodná (slovenská)
|2 lita
|
| 958 |
|
|
|a OND
|
| 958 |
|
|
|a EUIPO
|
| 958 |
|
|
|a article14
|
| 999 |
|
|
|c 1915413
|d 1917343
|